| 000 | 00530pab a2200181 454500 | ||
|---|---|---|---|
| 008 | 180718b xxu||||| |||| 00| 0 eng d | ||
| 100 | _aClegg Steward R. | ||
| 245 | _a`Post-confucianism', social democracy and economic culture | ||
| 362 | _a14(1), Apr 1993, P.1-52 | ||
| 650 | _a Capitalism | ||
| 650 | _a Personnel Employee Representation | ||
| 650 | _a Industrial Democracy | ||
| 650 | _aLabour Relations | ||
| 700 | _aSpybey Tony | ||
| 700 | _aHiggins Winton | ||
| 773 | _aGuru Nanak Journal of Sociology | ||
| 909 | _a26853 | ||
| 999 |
_c26853 _d26853 |
||